<?xml version="1.0" encoding="UTF-8"?>
<record
    xmlns:xsi="http://www.w3.org/2001/XMLSchema-instance"
    xsi:schemaLocation="http://www.loc.gov/MARC21/slim http://www.loc.gov/standards/marcxml/schema/MARC21slim.xsd"
    xmlns="http://www.loc.gov/MARC21/slim">

  <leader>00608nam a22001577a 4500</leader>
  <controlfield tag="003">OSt</controlfield>
  <controlfield tag="005">20151001113713.0</controlfield>
  <controlfield tag="008">151001b        xxu||||| |||| 00| 0 eng d</controlfield>
  <datafield tag="040" ind1=" " ind2=" ">
    <subfield code="c">RUA </subfield>
  </datafield>
  <datafield tag="082" ind1=" " ind2=" ">
    <subfield code="a">AVM &#x1794;&#x17CA;&#x17B7;&#x17BB;&#x1785; 1993 B067 Or.1 </subfield>
  </datafield>
  <datafield tag="100" ind1=" " ind2=" ">
    <subfield code="9">1673</subfield>
    <subfield code="a">&#x1794;&#x17CA;&#x17B7;&#x17BB;&#x1785; &#x1786;&#x178A;&#x17B6;</subfield>
  </datafield>
  <datafield tag="245" ind1=" " ind2=" ">
    <subfield code="a">&#x1787;&#x1798;&#x17D2;&#x1784;&#x17BA;&#x1794;&#x17D2;&#x179A;&#x178A;&#x17B6;&#x1794;&#x17CB;&#x179A;&#x17C6;&#x179B;&#x17B6;&#x1799;&#x17A2;&#x17B6;&#x17A0;&#x17B6;&#x179A;&#x178A;&#x17C2;&#x179B;&#x1782;&#x17C1;&#x1787;&#x17BD;&#x1794;&#x1794;&#x17D2;&#x179A;&#x1791;&#x17C7;&#x1789;&#x17B9;&#x1780;&#x1789;&#x17B6;&#x1794;&#x17CB;&#x1793;&#x17C5;&#x179B;&#x17BE; &#x1798;&#x17C6;&#x179F;&#x17B6;&#x17A0;&#x17B6;&#x179A;&#x179F;&#x178F;&#x17D2;&#x179C; &#x1793;&#x17C5;&#x1794;&#x17D2;&#x179A;&#x1791;&#x17C1;&#x179F;&#x1780;&#x1798;&#x17D2;&#x1796;&#x17BB;&#x1787;&#x17B6;,</subfield>
  </datafield>
  <datafield tag="260" ind1=" " ind2=" ">
    <subfield code="a">phnom penh </subfield>
    <subfield code="b">RUA </subfield>
    <subfield code="c">1993 </subfield>
  </datafield>
  <datafield tag="300" ind1=" " ind2=" ">
    <subfield code="a">66p.</subfield>
    <subfield code="b">ill.</subfield>
    <subfield code="c">29cm.</subfield>
  </datafield>
  <datafield tag="942" ind1=" " ind2=" ">
    <subfield code="2">ddc</subfield>
    <subfield code="c">AVM</subfield>
  </datafield>
  <datafield tag="999" ind1=" " ind2=" ">
    <subfield code="c">1578</subfield>
    <subfield code="d">1578</subfield>
  </datafield>
  <datafield tag="952" ind1=" " ind2=" ">
    <subfield code="0">0</subfield>
    <subfield code="1">0</subfield>
    <subfield code="2">ddc</subfield>
    <subfield code="4">0</subfield>
    <subfield code="6">AVM_&#x1794;&#x17B7;&#x17BB;&#x1785;_1993_000000000000000_B067_OR_1</subfield>
    <subfield code="7">0</subfield>
    <subfield code="9">7087</subfield>
    <subfield code="a">LBB</subfield>
    <subfield code="b">LBB</subfield>
    <subfield code="c">B067</subfield>
    <subfield code="d">2015-10-01</subfield>
    <subfield code="o">AVM &#x1794;&#x17CA;&#x17B7;&#x17BB;&#x1785; 1993 B067 Or.1</subfield>
    <subfield code="p">RUA007345</subfield>
    <subfield code="r">2015-10-01</subfield>
    <subfield code="w">2015-10-01</subfield>
    <subfield code="y">AVM</subfield>
  </datafield>
  <datafield tag="952" ind1=" " ind2=" ">
    <subfield code="0">0</subfield>
    <subfield code="1">0</subfield>
    <subfield code="2">ddc</subfield>
    <subfield code="4">0</subfield>
    <subfield code="6">AVM_&#x1794;&#x17B7;&#x17BB;&#x1785;_1993_000000000000000_B067_OR_2</subfield>
    <subfield code="7">0</subfield>
    <subfield code="9">7088</subfield>
    <subfield code="a">LBB</subfield>
    <subfield code="b">LBB</subfield>
    <subfield code="c">B067</subfield>
    <subfield code="d">2015-10-01</subfield>
    <subfield code="o">AVM &#x1794;&#x17CA;&#x17B7;&#x17BB;&#x1785; 1993 B067 Or.2</subfield>
    <subfield code="p">RUA008319</subfield>
    <subfield code="r">2015-10-01</subfield>
    <subfield code="w">2015-10-01</subfield>
    <subfield code="y">AVM</subfield>
  </datafield>
  <datafield tag="952" ind1=" " ind2=" ">
    <subfield code="0">0</subfield>
    <subfield code="1">0</subfield>
    <subfield code="2">ddc</subfield>
    <subfield code="4">0</subfield>
    <subfield code="6">AVM_&#x1794;&#x17B7;&#x17BB;&#x1785;_1993_000000000000000_B067_OR_3</subfield>
    <subfield code="7">0</subfield>
    <subfield code="9">7089</subfield>
    <subfield code="a">LBB</subfield>
    <subfield code="b">LBB</subfield>
    <subfield code="c">B067</subfield>
    <subfield code="d">2015-10-01</subfield>
    <subfield code="o">AVM &#x1794;&#x17CA;&#x17B7;&#x17BB;&#x1785; 1993 B067 Or.3</subfield>
    <subfield code="p">RUA008217</subfield>
    <subfield code="r">2015-10-01</subfield>
    <subfield code="w">2015-10-01</subfield>
    <subfield code="y">AVM</subfield>
  </datafield>
  <datafield tag="952" ind1=" " ind2=" ">
    <subfield code="0">0</subfield>
    <subfield code="1">0</subfield>
    <subfield code="2">ddc</subfield>
    <subfield code="4">0</subfield>
    <subfield code="6">AVM_&#x1794;&#x17B7;&#x17BB;&#x1785;_1993_000000000000000_B067_OR_4</subfield>
    <subfield code="7">0</subfield>
    <subfield code="9">7090</subfield>
    <subfield code="a">LBB</subfield>
    <subfield code="b">LBB</subfield>
    <subfield code="c">B067</subfield>
    <subfield code="d">2015-10-01</subfield>
    <subfield code="o">AVM &#x1794;&#x17CA;&#x17B7;&#x17BB;&#x1785; 1993 B067 Or.4</subfield>
    <subfield code="p">RUA008304</subfield>
    <subfield code="r">2015-10-01</subfield>
    <subfield code="w">2015-10-01</subfield>
    <subfield code="y">AVM</subfield>
  </datafield>
  <datafield tag="952" ind1=" " ind2=" ">
    <subfield code="0">0</subfield>
    <subfield code="1">0</subfield>
    <subfield code="2">ddc</subfield>
    <subfield code="4">0</subfield>
    <subfield code="6">AVM_&#x1794;&#x17B7;&#x17BB;&#x1785;_1993_000000000000000_B067_OR_5</subfield>
    <subfield code="7">0</subfield>
    <subfield code="9">7091</subfield>
    <subfield code="a">LBB</subfield>
    <subfield code="b">LBB</subfield>
    <subfield code="c">B067</subfield>
    <subfield code="d">2015-10-01</subfield>
    <subfield code="o">AVM &#x1794;&#x17CA;&#x17B7;&#x17BB;&#x1785; 1993 B067 Or.5</subfield>
    <subfield code="p">RUA008220</subfield>
    <subfield code="r">2015-10-01</subfield>
    <subfield code="w">2015-10-01</subfield>
    <subfield code="y">AVM</subfield>
  </datafield>
  <datafield tag="952" ind1=" " ind2=" ">
    <subfield code="0">0</subfield>
    <subfield code="1">0</subfield>
    <subfield code="2">ddc</subfield>
    <subfield code="4">0</subfield>
    <subfield code="6">AVM_&#x1794;&#x17B7;&#x17BB;&#x1785;_1993_000000000000000_B067_OR_6</subfield>
    <subfield code="7">0</subfield>
    <subfield code="9">7092</subfield>
    <subfield code="a">LBB</subfield>
    <subfield code="b">LBB</subfield>
    <subfield code="c">B067</subfield>
    <subfield code="d">2015-10-01</subfield>
    <subfield code="o">AVM &#x1794;&#x17CA;&#x17B7;&#x17BB;&#x1785; 1993 B067 Or.6</subfield>
    <subfield code="p">RUA008219</subfield>
    <subfield code="r">2015-10-01</subfield>
    <subfield code="w">2015-10-01</subfield>
    <subfield code="y">AVM</subfield>
  </datafield>
</record>
